000 01337nam a2200349 c 4500
003 BLK
005 20180422100339.0
008 180408b bul|||||r ||||||| ||bul||
010 _aKNG00037751000
020 _a954-585-269-0
_bиздат.: Бард
040 _aBLK
041 _aBUL
_cBUL
080 _aАмериканска литература (на САЩ)
_b821.111(73)
_x-312.9
_z821.111(73)-312.9
100 1 _aУлф, Джийн
_eпърви автор
_9274069
700 1 _aИванов, Ивелин
_eпрев. от англ.
_9363909
139 _aУлф, Джийн
_bУ 54
245 1 0 _aСянката на инквизитора
_bРоман
_cДжийн Улф; прев. от англ. Ивелин Иванов.
257 _aUSA
260 София
_bБард
_c2001
_fХасково : Полиграфюг
300 _a304 с.
_c20 см
380 _aX
490 1 _aИзбрана световна фантастика
490 1 _3Подсерия
_aФантастика
_v88
500 _aОриг. загл. The Shadow of the Torturer /Gene Wolfe.
653 _aфентъзи
653 _aромани
852 _aЦб 209851
856 4 _qpdf
_u
856 4 _qpdf
_u
942 _cKNG
_n0
944 _aCR
_c24.02.2003
_lф /
_kЦветанка_Енчева
944 _aED
_c26.08.2016
_lф /
_kПенка_Димитрова
999 _c35039
_d35039